00782nam a2200241 a 4500001001300000003000900013005001700022008004100039020002300080082002000103100002100123245008200144260004300226300000900269500003500278505003500313650001800348700002100366902000800387942000700395952012100402999001700523nice12345678IN_TiNIC20260116014103.0090129s2007 oxfa grp 000 0 eng  a1851683364 c25000a297.820955bFOL aFoltz, Richard C aSpirituality in the Land of the Nobleb How Iran Shaped the World`s Religions aOxford bOne World Publications c2007 a204p aincludes index and biblioraphy2 aglossary, notes, biblio, index aIran-Religion1 aFoltz, Richard C bSRS cBK 001040708StackRoom-aHMIbHMId2009-01-29g250.00l0o297.820955 FOLp022684r2009-01-29v250.00w2009-01-29yBK c13817d13817